00860nam a2200205 i 450000100060000000300090000600500170001500700030003200800410003510000290007624500860010526000800019130000210027149000320029271000660032483000940039085200320048499900170051695201210053351082ES-MaACL20250824055130.0t|030808s1983 sp ||||1| spa d1 aCustodio, Alvaro.94227913aEl sacrificio de Panda-Murti b: tragifarsa en tres actos / cde Alvaro Custodio. a[Madrid : bCentro Español del Instituto Internacional del Teatro,c1983] a77 p. ; c21 cm.1 aColección de teatro ; v42 aInstituto Internacional del Teatro. bCentro Español.9273300aColección de teatro (Centro Español del Instituto Internacional de Teatro)v49182343 aES-MaACLjL-7658 bR.105903 c51082d51082 00104070aATENEOMbATENEOMcDEPO2d2008-01-17eSCl0oL-7658p1053716r2023-02-23 00:00:00w2023-02-23yMONOGRAFIA